| 000 | 00376nam a22001577a 4500 | ||
|---|---|---|---|
| 020 | _a0-439-99427-6 | ||
| 082 |
_a823 _bCUL/W |
||
| 100 | _aCOLEMAN, MICHAEL | ||
| 245 |
_aWICKED WORLD UP _bFOUL FOOTBALL |
||
| 246 |
_aWICKED WORLD UP _bFOUL FOOTBALL |
||
| 260 |
_aUK _bSCHOLASTIC LTD _c1998 |
||
| 300 | _a174 | ||
| 520 | _aCRICKET STORY | ||
| 650 | _aRICKET STORY | ||
| 942 | _cBK | ||
| 999 |
_c2153 _d2153 |
||